书目信息 |
| 题名: |
中国和日本的早期工业化与国内市场
|
|
| 作者: | 严立贤 著 | |
| 分册: | ||
| 出版信息: | 北京 北京大学出版社 1999.04 |
|
| 页数: | 311页 | |
| 开本: | 20cm | |
| 丛书名: | ||
| 单 册: | ||
| 中图分类: | F429.052 | |
| 科图分类: | ||
| 主题词: | 工业经济--中国 | |
| 电子资源: | ||
| ISBN: | 7-301-03625-6 | |
| 000 | 00604nam0 2200193 450 | |
| 001 | 0657030594 | |
| 005 | 20060410155030.59 | |
| 010 | @a7-301-03625-6@dCNY18.00 | |
| 100 | @a20060410d1999 km y0chiy0120 ea | |
| 101 | 0 | @achi |
| 102 | @aCN@b110000 | |
| 200 | 1 | @a中国和日本的早期工业化与国内市场@Azhong guo he ri ben de zao qi gong ye hua yu guo nei shi chang@f严立贤著@Fyan li xian zhu |
| 210 | @a北京@c北京大学出版社@d1999.04 | |
| 215 | @a311页@d20cm | |
| 606 | 0 | @a工业经济@x中国 |
| 690 | @aF429.052@v3 | |
| 701 | 0 | @a严立贤@Ayan li xian@4著 |
| 801 | 0 | @aCN@bPFT@c20060410 |
| 905 | @a10447@dF429.052@eY891 | |
| 中国和日本的早期工业化与国内市场/严立贤著.-北京:北京大学出版社,1999.04 |
| 311页;20cm |
| ISBN 7-301-03625-6:CNY18.00 |
| ● |
| 相关链接 |
|
|
|
正题名:中国和日本的早期工业化与国内市场
索取号:F429.052/Y891
 
预约/预借
| 序号 | 登录号 | 条形码 | 馆藏地/架位号 | 状态 | 备注 |
| 1 | 81026 | 200810266 | 社科库409/409社科库 37排2列1层/ [索取号:F429.052/Y891] | 在馆 | |
| 2 | 81027 | 200810275 | 社科二线422/422社科库 47排2列5层/ [索取号:F429.052/Y891] | 在馆 | |
| 3 | 81028 | 200810284 | 社科二线422/422社科库 47排2列5层/ [索取号:F429.052/Y891] | 在馆 | |
| 4 | 81029 | 200810293 | 社科二线422/422社科库 47排2列5层/ [索取号:F429.052/Y891] | 在馆 | |
| 5 | 81030 | 200810300 | 社科库409/409社科库 37排2列1层/ [索取号:F429.052/Y891] | 在馆 |